El problema de la democracia
Guardado en:
| Format: | Texto |
|---|---|
| Fag: | |
| Tags: |
Tilføj Tag
Ingen Tags, Vær først til at tagge denne postø!
|
MARC
| LEADER | 00000 a a2200000 04500 | ||
|---|---|---|---|
| 001 | 44780 | ||
| 003 | |||
| 040 | |||
| 245 | |a El problema de la democracia | ||
| 650 | |a MEXICO | ||
| 650 | |a DEMOCRACIA | ||
| 650 | |a PARTICIPACION POLITICA | ||
| 650 | |a POLITICA EXTERIOR | ||
| 650 | |a HISTORIA POLITICA | ||
| 650 | |a CENTROAMERICA | ||
| 650 | |a CRISIS | ||
| 650 | |a HEGEMONIA | ||
| 650 | |a AUTONOMIA | ||
| 773 | |g volumen10, número80 (1986), Página 3 | ||
| 999 | |c 28216 |d 28216 | ||
